MARC details
| 000 -LEADER |
| fixed length control field |
03242cam a2200697 i 4500 |
| 001 - CONTROL NUMBER |
| control field |
on1110170728 |
| 003 - CONTROL NUMBER IDENTIFIER |
| control field |
OCoLC |
| 005 - DATE AND TIME OF LATEST TRANSACTION |
| control field |
20250109140049.0 |
| 008 - FIXED-LENGTH DATA ELEMENTS--GENERAL INFORMATION |
| fixed length control field |
190725t20192019enka a 000 1 eng |
| 040 ## - CATALOGING SOURCE |
| Original cataloging agency |
AU@ |
| Language of cataloging |
eng |
| Description conventions |
rda |
| Transcribing agency |
AU@ |
| Modifying agency |
OCLCO |
| -- |
OCLCF |
| -- |
IHX |
| -- |
CNGUL |
| -- |
OCLCQ |
| -- |
OCLCO |
| -- |
TWCYT |
| -- |
OCLCL |
| 020 ## - INTERNATIONAL STANDARD BOOK NUMBER |
| International Standard Book Number |
9781529004021 |
| Qualifying information |
(board book) |
| 020 ## - INTERNATIONAL STANDARD BOOK NUMBER |
| International Standard Book Number |
1529004020 |
| Qualifying information |
(board book) |
| 029 0# - (OCLC) |
| OCLC library identifier |
AU@ |
| System control number |
000065475771 |
| 029 1# - (OCLC) |
| OCLC library identifier |
AU@ |
| System control number |
000076471348 |
| 035 ## - SYSTEM CONTROL NUMBER |
| System control number |
(OCoLC)1110170728 |
| 050 #4 - LIBRARY OF CONGRESS CALL NUMBER |
| Classification number |
PZ7.C635 |
| Item number |
W486 |
| 082 04 - DEWEY DECIMAL CLASSIFICATION NUMBER |
| Classification number |
823.92 |
| Edition number |
23 |
| 084 ## - OTHER CLASSIFICATION NUMBER |
| Classification number |
I565.85 |
| Source of number |
clc |
| 049 ## - LOCAL HOLDINGS (OCLC) |
| Holding library |
WACL |
| 245 00 - TITLE STATEMENT |
| Title |
We're going to the dentist : |
| Remainder of title |
going for a check-up / |
| Statement of responsibility, etc |
illustrated by Marion Cocklico. |
| 246 3# - VARYING FORM OF TITLE |
| Title proper/short title |
We are going to the dentist |
| 264 #1 - Production, Publication, Distribution, Manufacture, and Copyright Notice. |
| Place of production, publication, distribution, manufacture |
London : |
| Name of producer, publisher, distributor, manufacturer |
Campbell Books, an imprint of Pan Macmillan, |
| Date of production, publication, distribution, manufacture, or copyr |
[2019] |
| 264 #4 - Production, Publication, Distribution, Manufacture, and Copyright Notice. |
| Date of production, publication, distribution, manufacture, or copyr |
�2019 |
| 300 ## - PHYSICAL DESCRIPTION |
| Extent |
1 volume (unpaged) : |
| Other physical details |
colour illustrations ; |
| Dimensions |
20 cm |
| 336 ## - Content Type |
| Content type term |
text |
| 336 ## - Content Type |
| Content type term |
still image |
| 337 ## - Media type |
| Media type term |
unmediated |
| 338 ## - Carrier type |
| Carrier type term |
volume |
| 490 0# - SERIES STATEMENT |
| Series statement |
Big steps |
| 500 ## - GENERAL NOTE |
| General note |
On board pages with pull out tabs. |
| 500 ## - GENERAL NOTE |
| General note |
Cover title. |
| 500 ## - GENERAL NOTE |
| General note |
"Endorsed by Dr. Amanda Gummer"--Cover |
| 500 ## - GENERAL NOTE |
| General note |
"With tips for parents and carers"--Cover |
| 520 ## - SUMMARY, ETC. |
| Summary, etc |
The Big Steps series is designed to help little ones (and their parents or carers) with new everyday experiences. In We're Going to the Dentist, Nancy and Teddy go for a dental check-up. This novelty book with a sweet story has fun flaps to lift and mechanisms to move, as well as practical tips for parents and carers on each page, endorsed by leading Early Years Consultant, Dr. Amanda Gummer. |
| 650 #0 - SUBJECT ADDED ENTRY--TOPICAL TERM |
| Topical term or geographic name as entry element |
Dentists |
| Form subdivision |
Juvenile fiction. |
| 9 (RLIN) |
5679223 |
| 650 #0 - SUBJECT ADDED ENTRY--TOPICAL TERM |
| Topical term or geographic name as entry element |
Dentistry |
| Form subdivision |
Juvenile fiction. |
| 9 (RLIN) |
5692419 |
| 650 #0 - SUBJECT ADDED ENTRY--TOPICAL TERM |
| Topical term or geographic name as entry element |
Children |
| General subdivision |
Conduct of life |
| Form subdivision |
Juvenile fiction. |
| 9 (RLIN) |
5710915 |
| 650 #6 - SUBJECT ADDED ENTRY--TOPICAL TERM |
| Topical term or geographic name as entry element |
Dentistes |
| Form subdivision |
Romans, nouvelles, etc. pour la jeunesse. |
| 9 (RLIN) |
6537031 |
| 650 #6 - SUBJECT ADDED ENTRY--TOPICAL TERM |
| Topical term or geographic name as entry element |
Dentisterie |
| Form subdivision |
Romans, nouvelles, etc. pour la jeunesse. |
| 9 (RLIN) |
6537032 |
| 650 #6 - SUBJECT ADDED ENTRY--TOPICAL TERM |
| Topical term or geographic name as entry element |
Enfants |
| General subdivision |
Morale pratique |
| Form subdivision |
Romans, nouvelles, etc. pour la jeunesse. |
| 9 (RLIN) |
6537033 |
| 650 #7 - SUBJECT ADDED ENTRY--TOPICAL TERM |
| Topical term or geographic name as entry element |
Board books. |
| Source of heading or term |
cct |
| 650 #7 - SUBJECT ADDED ENTRY--TOPICAL TERM |
| Topical term or geographic name as entry element |
Children's stories. |
| Source of heading or term |
cct |
| 650 #7 - SUBJECT ADDED ENTRY--TOPICAL TERM |
| Topical term or geographic name as entry element |
Lift-the-flap books. |
| Source of heading or term |
cct |
| 650 #7 - SUBJECT ADDED ENTRY--TOPICAL TERM |
| Topical term or geographic name as entry element |
Toy and movable books. |
| Source of heading or term |
cct |
| 650 #7 - SUBJECT ADDED ENTRY--TOPICAL TERM |
| Topical term or geographic name as entry element |
Children |
| General subdivision |
Conduct of life. |
| Source of heading or term |
fast |
| -- |
(OCoLC)fst00854871 |
| 9 (RLIN) |
81135 |
| 650 #7 - SUBJECT ADDED ENTRY--TOPICAL TERM |
| Topical term or geographic name as entry element |
Dentistry. |
| Source of heading or term |
fast |
| -- |
(OCoLC)fst00890633 |
| 650 #7 - SUBJECT ADDED ENTRY--TOPICAL TERM |
| Topical term or geographic name as entry element |
Dentists. |
| Source of heading or term |
fast |
| -- |
(OCoLC)fst00890717 |
| 655 #0 - INDEX TERM--GENRE/FORM |
| Genre/form data or focus term |
Children's stories |
| 655 #7 - INDEX TERM--GENRE/FORM |
| Genre/form data or focus term |
Board books. |
| Source of term |
fast |
| -- |
(OCoLC)fst01726782 |
| 655 #7 - INDEX TERM--GENRE/FORM |
| Genre/form data or focus term |
Fiction. |
| Source of term |
fast |
| -- |
(OCoLC)fst01423787 |
| 9 (RLIN) |
5673940 |
| 655 #7 - INDEX TERM--GENRE/FORM |
| Genre/form data or focus term |
Juvenile works. |
| Source of term |
fast |
| -- |
(OCoLC)fst01411637 |
| 9 (RLIN) |
5673941 |
| 655 #7 - INDEX TERM--GENRE/FORM |
| Genre/form data or focus term |
Lift-the-flap books. |
| Source of term |
fast |
| -- |
(OCoLC)fst01919936 |
| 9 (RLIN) |
5718302 |
| 655 #7 - INDEX TERM--GENRE/FORM |
| Genre/form data or focus term |
Toy and movable books. |
| Source of term |
fast |
| -- |
(OCoLC)fst01726766 |
| 655 #7 - INDEX TERM--GENRE/FORM |
| Genre/form data or focus term |
Board books. |
| Source of term |
lcgft |
| 655 #7 - INDEX TERM--GENRE/FORM |
| Genre/form data or focus term |
Toy and movable books. |
| Source of term |
lcgft |
| 655 #7 - INDEX TERM--GENRE/FORM |
| Genre/form data or focus term |
Lift-the-flap books. |
| Source of term |
lcgft |
| 9 (RLIN) |
5718302 |
| 655 #7 - INDEX TERM--GENRE/FORM |
| Genre/form data or focus term |
Livres �a rabats. |
| Source of term |
rvmgf |
| 9 (RLIN) |
6485487 |
| 700 1# - ADDED ENTRY--PERSONAL NAME |
| Personal name |
Cocklico, Marion, |
| Relator term |
illustrator. |
| 9 (RLIN) |
5996108 |
| 758 ## - |
| -- |
has work: |
| -- |
We're going to the dentist (Text) |
| -- |
https://id.oclc.org/worldcat/entity/E39PCGfwRphDt6wGX69Xb9Jp8C |
| -- |
https://id.oclc.org/worldcat/ontology/hasWork |
| 994 ## - |
| -- |
C0 |
| -- |
WACOL |